Constitución política de la República. Edición actualizada revisada por nuestra Comisión de Códigos y por el Ministerio de Justicia, estrictamente conforme a las disposiciones legales publicadas en el Diario Oficial
Saved in:
| Institution som forfatter: | |
|---|---|
| Format: | Bog |
| Sprog: | spansk |
| Udgivet: |
Santiago, Chile:
Jurídica,
2008
|
| Udgivelse: | Decimasegunda Edición. |
| Fag: | |
| Tags: |
Tilføj Tag
Ingen Tags, Vær først til at tagge denne postø!
|
MARC
| LEADER | 00000nam a2200000 a 4500 | ||
|---|---|---|---|
| 001 | UCI7538 | ||
| 003 | CL-VaPUC | ||
| 005 | 20250423160734.0 | ||
| 008 | 080710e20080000CL |||||||||||||||||spa|d | ||
| 999 | |c 330789 |d 330787 | ||
| 020 | |a 9789561018327 | ||
| 040 | |c Pontificia Universidad Católica de Valparaíso | ||
| 082 | 0 | 4 | |a 342.83 CHI 2008 |2 21 |
| 110 | 1 | |a Chile |9 890760 | |
| 245 | 1 | 0 | |a Constitución política de la República. Edición actualizada revisada por nuestra Comisión de Códigos y por el Ministerio de Justicia, estrictamente conforme a las disposiciones legales publicadas en el Diario Oficial |
| 250 | |a Decimasegunda Edición. |b Actualizada al 7 de enero de 2008. | ||
| 260 | |a Santiago, Chile: |b Jurídica, |c 2008 | ||
| 300 | |a 929 páginas | ||
| 500 | |a c.4. Instituto Arcos 8-1-2025 | ||
| 505 | |a Decreto Supremo N.º 100. Ministerio Secretaría General de la Presidencia. Publicado en el Diario Oficial de 22 de septiembre de 2005. Constitución Política de la República -Capitulo I. Bases de la institucionalidad. -Capítulo II. Nacionalidad y ciudadanía. -Capítulo III. De los derechos y deberes constitucionales. -Capítulo IV. Gobierno. -Capítulo V. Congreso Nacional. -Capítulo VI. Poder Judicial. -Capítulo VII. Ministerio Público. -Capítulo VIII. Tribunal Constitucional. -Capítulo IX. Justicia electoral. -Capítulo X. Contraloría General de la República. -Capítulo XI. Fuerzas Armadas, de Orden y Seguridad Pública. -Capítulo XII. Consejo de Seguridad Nacional. -Capítulo XIII. Banco Central. -Capítulo XIV. Gobierno y administración interior del Estado. -Capítulo XV. Reforma de la Constitución. Apéndice: -Ley de 6 de julio de 1878. Determina cómo deben computarse las fracciones en votaciones o quórum de corporaciones sea para tomar acuerdos o celebrar sesiones. -Decreto con Fuerza de Ley N.º 1. Fija el texto refundido, coordinado y sistematizado de la Ley N.º 18.695, Orgánica Constitucional de Municipalidades (D.O. de 26 de julio de 2006). -Decreto Supremo N.º 1.086. Reuniones Públicas (D.O. de 16 de septiembre de 1983). -Ley N.º 17.997. Ley Orgánica Constitucional del Tribunal Constitucional (D.O. de 19 de mayo de 1981). -Auto Acordado que reglamenta el procedimiento para obtener la declaración previa al ejercicio de la acción indemnizatoria que concede la letra i) del N.º 7 del artículo 19 de la Constitución Política de la República (D.O. de 24 de mayo de 1996). -Decreto Supremo N.º 5.142. Fija el texto refundido de las disposiciones sobre nacionalización de extranjeros (D.O. de 29 de octubre de 1960) -Ley N.º 18.415. Ley Orgánica Constitucional de los Estados de Excepción (D.O. de 14 de junio de 1985). -Ley N.º 18.460. Ley Orgánica Constitucional sobre el Tribunal Calificador de Elecciones (D.O. de 15 de noviembre de 1985). -Ley N.º 18.556. Ley Orgánica Constitucional sobre Sistema de Inscripciones Electorales y Servicio Electoral (D.O. de 1° de octubre de 1986). -Ley N.º 18.593. Ley de los Tribunales Electorales Regionales (D.O. de 9 de enero de 1987). -Ley N.º 18.603. Ley Orgánica Constitucional de los Partidos Políticos (D.O. de 23 de marzo de 1987). -Ley N.º 18.700. Ley Orgánica Constitucional sobre Votaciones Populares y Escrutinios (D.O. de 6 de mayo de 1988). -Ley N.º 19.884. Sobre transparencia, límite y control del gasto electoral (D.O. de 5 de agosto de 2003) -Ley N.º 19.733. Sobre libertades de Opinión e Información e Información y Ejercicio del Periodismo (D.O. de 4 de junio de 2001). -Ley N.º 18.838. Crea el Consejo Nacional de Televisión (D.O. de 30 de septiembre de 1989) -Ley N.º 18.918. Ley Orgánica Constitucional del Congreso Nacional (D.O. de 5 de febrero de 1990). -Decreto con Fuerza de Ley N.º 1. Fija texto refundido, coordinado y sistematizado de la Ley 18.962, Orgánica Constitucional de Enseñanza. -Decreto N.º 778. Promulga Pacto Internacional de Derechos Civiles y Políticos (D.O. de 29 de abril de 1989). -Decreto N.º 326. Promulga Pacto Internacional de Derechos Económicos, Sociales y Culturales (D.O. de 27 de mayo de 1989). -Decreto N.º 873. Aprueba Convención Americana sobre Derechos Humanos, denominada "Pacto de San José de Costa Rica" (D.O. de 5 de enero de 1991) -Ley N.º 18.971. Establece Recurso Especial que indica (D.O. de 10 de marzo de 1990) -Ley N.º 19.628. Sobre protección de la vida privada (D.O. de 28 de agosto de 1999). -Decreto con Fuerza de Ley N.º 1. Fija texto refundido, coordinado sistematizado y actualizado de la Ley N.º 19.175, Orgánica Constitucional sobre Gobierno y Administración Regional (D.O. de 8 de noviembre de 2005). -Ley N.º 19.300. Aprueba Ley sobre bases generales del medio ambiente. -Ley N.º 19.638. Establece normas sobre la constitución jurídica de las iglesias y organizaciones religiosas. -Ley N.º 19.846. Sobre calificación de la producción cinematográfica. -Ley N.º 19.880. Establece bases de los procedimientos administrativos que rigen los actos de los órganos de la Administración del Estado. | ||
| 583 | |a last modification |c 20131001 03:56:50 |k Rodrigo Vera | ||
| 650 | 1 | 0 | |a Constitución política de Chile |9 890575 |
| 650 | 1 | |a Derecho constitucional chileno |9 478271 | |
| 942 | |c BK |2 ddc |n 0 | ||
| 945 | |d 20080710 00:00:00 |a rbrito | ||
| 952 | |0 0 |1 0 |4 0 |6 342_830000000000000_CHI_2008 |7 0 |8 R |9 416599 |a BIBDER |b BIBDER |d 2019-11-22 |i 4455495 |o 342.83 CHI 2008 |p 4455495 |r 2023-01-25 |w 2019-11-22 |y BK_R |k DER | ||
| 952 | |0 0 |1 0 |4 0 |6 342_830000000000000_CHI_2008 |7 0 |8 R |9 416600 |a BIBDER |b BIBDER |d 2019-11-22 |i 4455509 |l 1 |o 342.83 CHI 2008 |p 4455509 |r 2023-01-25 |s 2021-11-18 |w 2019-11-22 |y BK_R |k DER | ||
| 952 | |0 0 |1 0 |4 0 |6 342_830000000000000_CHI_2008 |7 0 |8 R |9 416601 |a BIBDER |b BIBDER |d 2019-11-22 |i 4508823 |o 342.83 CHI 2008 |p 4508823 |r 2023-01-25 |w 2019-11-22 |y BK_R |k DER | ||
| 952 | |0 0 |1 0 |2 ddc |4 0 |6 342_830000000000000_CHI_2008 |7 0 |8 A |9 599693 |a BIBINC |b BIBINC |d 2025-01-21 |e Instituto Arcos |i 5664549 |o 342.83 CHI 2008 |p 5664549 |r 2025-01-21 |t 4 |w 2025-01-21 |y BK |k IFP | ||